Rappers By Best-Selling Studio Album Covers - Statistics

General Stats
  • This quiz has been taken 3,457 times
    3,456 since last reset
  • The average score is 14 of 16
Answer Stats
Picture Answer % Correct
2Pac
98%
Kendrick Lamar
98%
Travis Scott
98%
Kanye West
95%
50 Cent
94%
Nicki Minaj
93%
Drake
92%
J. Cole
91%
JAY-Z
87%
Lil Wayne
87%
The Notorious B.I.G.
87%
Lil Uzi Vert
83%
Eminem
82%
Nas
80%
Future
77%
Snoop Dogg
75%
No matching quizzes found
Score Distribution
Percent of People with Each Score
Percentile by Number Answered
Your Score History
You have not taken this quiz since the last reset